000 00571nam a2200217Ia 4500
003 OSt
005 20220928150154.0
006 a|||||r|||| 00| 0
007 ta
008 220927b |||||||| |||| 00| 0 eng d
024 _a88855
037 _cTextual
040 _aSDCL
_cSDCL
_beng
041 _2eng
_aeng
082 _aO15,1B2:g, L2
100 _aMishr Kameswarnath
_9515641
245 0 _aMahabharat mein lokakalyan ki rajakiya yojanayen.
260 _c1972
942 _hO15,1B2:g, L2
_cTEXL
_2CC
999 _c840624
_d840624